000 00957nam a2200241 4500
003 CO-ViMGA
020 _a9789586655279
040 _aCO-ViMGA
_bspa
_cCO-ViMGA
090 _aNG MAR78
100 1 _aMarchamalo, Jesús
_913161
245 1 0 _aCortázar
_c texto Jesús Marchamalo ; ilustraciones Marc Torices
260 _aBogotá
_bSiglo del Hombre
300 _a229 páginas
_b ilustraciones en color ; 25 cm
490 _aPlan Nacional de Lectura y Escritura Leer es mi Cuento / Ministerio de Cultura
500 _aIncluye bibliografía al final del texto \ Recomendado para un público mayor de 15 años
650 1 4 _aAutores Argentinos - Biografias - Tiras Comicas, Historietas, Etc.
_913162
650 1 4 _aAutores Españoles - Libros Ilustrados
_913163
650 1 4 _aLiteratura Juvenil Española
_913164
650 1 4 _aNovela Grafica Española
_92530
650 1 4 _aNovela Juvenil Española
_95674
700 1 _aTorices, Marc
_913165
942 _2ddc
_cBK
999 _c8573
_d8573